| 000 | 02000nam a22002537a 4500 | ||
|---|---|---|---|
| 999 |
_c58433 _d58433 |
||
| 003 | Ge_BSU | ||
| 005 | 20221221104212.0 | ||
| 008 | 220208s2021 ge ||||| |||| 00| 0 geo d | ||
| 041 | _ageo | ||
| 080 | _a902/904 ა-94 | ||
| 100 |
_aაღაპიშვილი, თამარ _913489 |
||
| 245 |
_aგარემოპირობების ზეგავლენა ადამიანის სოციალურ-ეკონომიურ ყოფაზე ზედა პალეოლითში (საქართველოს ზედაპალეოლითური ძეგლების მიხედვით) : _bდისერტაცია / _cთამარ აღაპიშვილი; სამეცნიერო ხელმძღვანელი ნ. ხახუტაიშვილი, მ. გაბუნია; ბსუ. ჰუმანიტარულ მეცნიერებათა ფაკულტეტი. ისტორიის არქეოლოგიისა და ეთნოლოგიის დეპარტამენტი. |
||
| 264 |
_aბათუმი, _c2021. |
||
| 300 |
_a111 გვ.; _bილ., _c30 სმ. |
||
| 504 | _aბიბლიოგრ. გვ. 88-108 | ||
| 653 | _aარქეოლოგია | ||
| 653 | _aისტორია | ||
| 653 | _aეთნოლოგია | ||
| 653 | _aდისერტაცია | ||
| 700 |
_aხახუტაიშვილი, ნ. _eსამეცნიერო ხელმძღვანელი _913490 |
||
| 700 |
_aგაბუნია, მ. _eსამეცნიერო ხელმძღვანელი _913491 |
||
| 710 |
_aბსუ. ჰუმანიტარულ მეცნიერებათა ფაკულტეტი. _eისტორიის არქეოლოგიისა და ეთნოლოგიის დეპარტამენტი. _913492 |
||
| 942 |
_2udc _cDS |
||